000 00560nam a2200217Ia 4500
003 OSt
005 20220928140239.0
006 a|||||r|||| 00| 0
007 ta
008 220927b |||||||| |||| 00| 0 eng d
024 _a7906
037 _cTextual
040 _aSDCL
_cSDCL
_beng
041 _2eng
_aeng
082 _aX:75.2'N8, M7
100 _aKohli Atul
_9427732
245 0 _aState and poverty in India
_b The politics of reform
260 _c1987
942 _hX:75.2'N8, M7
_cTEXL
_2CC
999 _c810915
_d810915